000 00519nam a2200169 i 4500
001 101869
003 ES-MaACL
005 20230906183010.0
007 t|
008 051026s1968 sp ||||1| spa d
100 1 _aMende, Herbert G.
_980093
245 1 0 _aDe la galena al transistor /
_cHerbert G. Mende; versión por Jorge de Orús Navarro.
260 _aBarcelona :
_bMarcombo,
_c1968.
300 _a130 p. :
_bil. ;
_c18 cm.
700 1 _aOrús Navarro, Jorge de.
_987702
852 _aES-MaACL
_jC-28366
_bR.66582
999 _c101869
_d101869